000 01566nam a2200361 c 4500
999 _c57050
_d57050
003 BLK
005 20240717123228.0
008 180408b bul|||||r ||||||| ||bul||
010 _aKNG00061039000
040 _aBLK
041 _aBUL
_cBUL
080 _aНационалноосвободителното движение в България (1856-1877)
_b94(497.2)"1856/1877"
_x(092)(093)
_z94(497.2)"1856/1877"(092)(093)
139 _aЛевски, Васил
_bЛ 36
245 1 0 _aСвята и чиста република
_bПисма и документи
_cВасил Левски; състав. и предг. от Иван Николов Унджиев; състав. и предг. от Никола Генчев Кондарев.
250 _a2. изд.
257 _aBGR
260 _bНаука и изкуство
_c1971
_fСофия : ДП Г. Димитров
300 _a224 с., 8 л. портр., ил., факс.
_c17 см
380 _a9
500 _a30 094 тир.
650 4 _aЛевски, Васил - документи
_9286897
653 _aкореспонденция
653 _aВасил Левски
700 _aУнджиев, Иван Николов
_d1902 - 1979
_9369302
700 1 _aКондарев, Никола Генчев
_d1911-
_gИсторик.
_981831
852 _aЦб І 12487
856 4 _qpdf
856 4 _qpdf
942 _cKNG
_n0
_01
_s1
944 _aCR
_c13.06.2004
_k30560
_lГеновева Генчева
944 _aED
_c23.10.2015
_kЕлица_Владова
999 _d57050